UBT Library

The one minute manager / (Record no. 43657)

000 -LEADER
fixed length control field 00605cam a2200217 a 4500
001 - CONTROL NUMBER
control field 1600987
005 - DATE AND TIME OF LATEST TRANSACTION
control field 20180227093327.0
008 - FIXED-LENGTH DATA ELEMENTS--GENERAL INFORMATION
fixed length control field 940112s1983 nyu 000 0 eng
010 ## - LIBRARY OF CONGRESS CONTROL NUMBER
LC control number 94105214
020 ## - INTERNATIONAL STANDARD BOOK NUMBER
International Standard Book Number 0425098478 :
Terms of availability $9.95
040 ## - CATALOGING SOURCE
Original cataloging agency DLC
Transcribing agency DLC
Modifying agency DLC
041 ## - LANGUAGE CODE
Language code of text/sound track or separate title eng
080 ## - UNIVERSAL DECIMAL CLASSIFICATION NUMBER
Universal Decimal Classification number 658 BLA
082 00 - DEWEY DECIMAL CLASSIFICATION NUMBER
Classification number 658 BLA
Edition number 20
100 1# - Rafti
Rafti 54
101 ## - Shkurtesa
Shkurtesa MEN
245 14 - TITLE STATEMENT
Title The one minute manager /
Statement of responsibility, etc Kenneth Blanchard, Spencer Johnson.
906 ## - LOCAL DATA ELEMENT F, LDF (RLIN)
a 7
b cbc
c orignew
d 3
e ncip
f 19
g y-gencatlg
942 ## - ADDED ENTRY ELEMENTS (KOHA)
Source of classification or shelving scheme
Item type Books
Holdings
Withdrawn status Lost status Source of classification or shelving scheme Damaged status Not for loan Collection code Permanent location Current location Shelving location Date acquired Total Checkouts Full call number Barcode Date last seen Price effective from Koha item type
          Koleksioni i përgjithshem UBT - Lipjan UBT - Lipjan Koleksioni i përgjithshem 02/27/2018   658 BLA 002-3000419 02/27/2018 02/27/2018 Books
UBT Library © 2015-2024. All rights reserved University Education for Business and Technology